Book of Joy (Record no. 240825)
[ view plain ]
| 000 -LEADER | |
|---|---|
| fixed length control field | 01833nam a22002537a 4500 |
| 005 - DATE AND TIME OF LATEST TRANSACTION | |
| control field | 20260128092108.0 |
| 008 - FIXED-LENGTH DATA ELEMENTS--GENERAL INFORMATION | |
| fixed length control field | 260128b |||||||| |||| 00| 0 eng d |
| 020 ## - INTERNATIONAL STANDARD BOOK NUMBER | |
| International Standard Book Number | 9781786330444 |
| 040 ## - CATALOGING SOURCE | |
| Transcribing agency | AL |
| 041 ## - LANGUAGE CODE | |
| Language code of text/sound track or separate title | English |
| 082 ## - DEWEY DECIMAL CLASSIFICATION NUMBER | |
| Classification number | 294.344 |
| Item number | LAMB |
| 100 ## - MAIN ENTRY--PERSONAL NAME | |
| Personal name | Dalai Lama |
| 100 ## - MAIN ENTRY--PERSONAL NAME | |
| 9 (RLIN) | 252872 |
| 245 ## - TITLE STATEMENT | |
| Title | Book of Joy |
| Remainder of title | ; lasting happiness in a changing world |
| 260 ## - PUBLICATION, DISTRIBUTION, ETC. | |
| Place of publication, distribution, etc. | New York |
| Name of publisher, distributor, etc. | Peguin Random House |
| Date of publication, distribution, etc. | 2016 |
| 300 ## - PHYSICAL DESCRIPTION | |
| Extent | 238p. |
| Other physical details | PB |
| Dimensions | 21x13.5cm |
| 365 ## - TRADE PRICE | |
| Price type code | IN-2427 |
| Price amount | ₹399.15 |
| Currency code | ₹ |
| Unit of pricing | ₹399.15 |
| Price effective from | 14-01-2026 |
| 520 ## - SUMMARY, ETC. | |
| Summary, etc. | Two spiritual giants. Seven days. One timeless question.<br/><br/>''The ultimate source of happiness is within us.'' DALAI LAMA<br/><br/>''We grow in kindness when our kindness is tested.'' DESMOND TUTU<br/>Two spiritual giants. Seven days. One timeless question.<br/><br/>''The ultimate source of happiness is within us.'' DALAI LAMA<br/><br/>''We grow in kindness when our kindness is tested.'' DESMOND TUTU<br/><br/>Archbishop Desmond Tutu and the Dalai Lama have been friends for many, many years. Between them, they have endured exile, violence and oppression. And in the face of these hardships, they have continued to radiate compassion, humour and above all, joy.<br/>To celebrate His Holiness''s eightieth birthday, Archbishop Tutu travelled to the Dalai Lama''s home in Dharamsala. The two men spent a week discussing a single burning question: how do we find joy in the face of suffering?<br/>This book is a gift from two of the most important spiritual figures of our time. Full of love, warmth and hope, The Book of Joy offers us the chance to experience their journey from first embrace to final goodbye.<br/> |
| 650 ## - SUBJECT ADDED ENTRY--TOPICAL TERM | |
| Topical term or geographic name entry element | The Nature of Joy |
| 9 (RLIN) | 252873 |
| 650 ## - SUBJECT ADDED ENTRY--TOPICAL TERM | |
| Topical term or geographic name entry element | The Obstacles to Joy |
| 9 (RLIN) | 252874 |
| 650 ## - SUBJECT ADDED ENTRY--TOPICAL TERM | |
| Topical term or geographic name entry element | The Eight Pillars of Joy |
| 9 (RLIN) | 252875 |
| 700 ## - ADDED ENTRY--PERSONAL NAME | |
| Personal name | Tutu,Desmond |
| 9 (RLIN) | 252876 |
| 700 ## - ADDED ENTRY--PERSONAL NAME | |
| Personal name | Abrama, Douglas |
| 9 (RLIN) | 252877 |
| 942 ## - ADDED ENTRY ELEMENTS (KOHA) | |
| Source of classification or shelving scheme | Dewey Decimal Classification |
| Koha item type | Book |
| Withdrawn status | Lost status | Source of classification or shelving scheme | Damaged status | Not for loan | Collection code | Home library | Current library | Shelving location | Date acquired | Source of acquisition | Cost, normal purchase price | Total Checkouts | Full call number | Barcode | Date last seen | Cost, replacement price | Price effective from | Koha item type |
|---|---|---|---|---|---|---|---|---|---|---|---|---|---|---|---|---|---|---|
| Dewey Decimal Classification | Management | St Aloysius Library | St Aloysius Library | Stack Section | 01/23/2026 | amazon.in | 399.15 | 294.344 LAMB | 078082 | 01/28/2026 | 399.15 | 01/14/2026 | Book |